00472nam a2200193 a 4500001001300000003000900013005001700022008003800039020001100077082001700088100002500105245002200130260001300152300000800165500003500173505003200208650001300240700002500253nice12345678IN_TiNIC20260116011944.0050524s1938 a grp 000 0 urd  ac0.1200a297.831bMAH aMahdavi, S Najmuddin aAi-Qaul-Un-Nafees abc1938 a21p aincludes index and biblioraphy2 athree parts of first volume aMahdavia1 aMahdavi, S Najmuddin